000 00676nam a2200205 i 4500
001 bgj
100 1 _aLEVINE, Herbert M.
245 1 0 _aThe Conduct of American Foreign Policy Debated /
_cHerbert M. Levine and Jean Edward Smith.
260 _aNew York [etc.] :
_bMcGraw-Hill Publishing Company,
_cc. 1990.
650 9 _aTreaty-making power
_zUnited States
651 9 _aUnited States
_xForeign relations
_y1945
651 9 _aUnited States
_xForeign relations administration
700 1 _aSMITH, Jean Edward.
_eco-author
020 _a0070374899
040 _cBPK
041 0 _aeng
920 _a0-07-037489-9
942 _cKS
008 s uk f |000 0 eng
999 _c47682
_d47682
856 _uhttp://koha.tu.koszalin.pl/cgi-bin/koha/opac-detail.pl?biblionumber=47682
_yKatalog online BPK